[Event "HUN-chT2 Breyer 2324"]
[Site "Hungary"]
[Date "2024.04.21"]
[Round "8.6"]
[White "Boros, Krisztian Levente"]
[Black "Kossela, Peter"]
[Result "1-0"]
[WhiteElo "1998"]
[BlackElo "1990"]
[PlyCount "71"]
[EventDate "2023.10.08"]
[EventType "team-tourn"]
[EventRounds "9"]
[EventCountry "HUN"]
[SourceTitle "EXT 2025"]
[Source "ChessBase"]
[SourceDate "2024.10.14"]
[SourceVersion "1"]
[SourceVersionDate "2024.10.14"]
[SourceQuality "1"]
[WhiteTeam "Budapest MTK II"]
[BlackTeam "Naszaly Geniusz Tata"]
[WhiteTeamCountry "HUN"]
[BlackTeamCountry "HUN"]

1. e4 e5 2. Nf3 Nc6 3. Bb5 Nf6 4. 0-0 d6 5. Nc3 Bd7 6. d4 exd4 7. Nxd4 g6 8. Bg5 Bg7 9. f4 h6 10. Bh4 Nxd4 11. Qxd4 Nh5 12. Qf2 Bf6 13. Bxf6 Nxf6 14. e5 Bxb5 15. Nxb5 Ng4 16. Qe2 Qd7 17. Nxc7+ Kf8 18. Nxa8 h5 19. h3 Nh6 20. exd6 Qxd6 21. Rad1 Qc5+ 22. Qf2 Qc8 23. Qxa7 Kg7 24. Qd4+ Kh7 25. Nb6 Qxc2 26. Nd5 Nf5 27. Qc3 Qa4 28. Nf6+ Kh6 29. Nxh5 Re8 30. Nf6 Re6 31. Ng4+ Kh7 32. Rd8 Qa7+ 33. Kh2 Ng7 34. Qc8 g5 35. Rh8+ Kg6 36. Rh6+ 1-0

[Event "HUN-chT2 Breyer 2324"]
[Site "Hungary"]
[Date "2024.03.03"]
[Round "5.10"]
[White "Kossela, Peter"]
[Black "Martin, Bela"]
[Result "0-1"]
[WhiteElo "1990"]
[BlackElo "2009"]
[PlyCount "52"]
[EventDate "2023.10.08"]
[EventType "team-tourn"]
[EventRounds "9"]
[EventCountry "HUN"]
[SourceTitle "EXT 2025"]
[Source "ChessBase"]
[SourceDate "2024.10.14"]
[SourceVersion "1"]
[SourceVersionDate "2024.10.14"]
[SourceQuality "1"]
[WhiteTeam "Naszaly Geniusz Tata"]
[BlackTeam "Barcza BEAC"]
[WhiteTeamCountry "HUN"]
[BlackTeamCountry "HUN"]

1. e4 c5 2. Nf3 d6 3. d4 cxd4 4. Qxd4 Nf6 5. Nc3 Nc6 6. Bb5 Bd7 7. Bxc6 Bxc6 8. Bg5 e6 9. 0-0-0 Be7 10. Rhe1 0-0 11. Nd2 Qc7 12. f3 b5 13. g4 b4 14. Ne2 Rfc8 15. c4 Qa5 16. Bxf6 Bxf6 17. Qxd6 Rd8 18. Qg3 Ba4 19. g5 Bxb2+ 20. Kxb2 Bxd1 21. Rxd1 Qa3+ 22. Ka1 b3 23. Nc3 b2+ 24. Kb1 Qxc3 25. f4 Rd3 26. Qf2 Rad8 0-1

[Event "HUN-chT2 Breyer 2223"]
[Site "Hungary"]
[Date "2023.03.26"]
[Round "10.9"]
[White "Kossela, Peter"]
[Black "Szakmary, Domonkos"]
[Result "1/2-1/2"]
[WhiteElo "1744"]
[BlackElo "1862"]
[PlyCount "55"]
[EventDate "2022.10.16"]
[EventType "team-tourn"]
[EventRounds "11"]
[EventCountry "HUN"]
[SourceTitle "EXT 2025"]
[Source "ChessBase"]
[SourceDate "2024.10.14"]
[SourceVersion "1"]
[SourceVersionDate "2024.10.14"]
[SourceQuality "1"]
[WhiteTeam "Naszaly Geniusz Tata"]
[BlackTeam "Biatorbagy II"]
[WhiteTeamCountry "HUN"]
[BlackTeamCountry "HUN"]

1. e4 Nf6 2. e5 Nd5 3. c4 Nb6 4. d4 d6 5. exd6 cxd6 6. Nc3 g6 7. Nf3 Bg7 8. Be3 Nc6 9. h3 Bf5 10. Be2 0-0 11. 0-0 d5 12. c5 Nc4 13. Bc1 e5 14. dxe5 Be6 15. Bxc4 dxc4 16. Qxd8 Raxd8 17. Bg5 Rd7 18. Rfe1 Nb4 19. Re2 Nd3 20. Ne4 Bd5 21. Rd1 Bxe4 22. Rxe4 Nxc5 23. Rxd7 Nxd7 24. Rxc4 Nxe5 25. Nxe5 Bxe5 26. Kf1 Re8 27. Re4 Re6 28. Re2 1/2-1/2

[Event "HUN-chT2 Breyer 2223"]
[Site "Hungary"]
[Date "2022.12.04"]
[Round "4.6"]
[White "Szanto, Levente"]
[Black "Kossela, Peter"]
[Result "0-1"]
[WhiteElo "1949"]
[BlackElo "1744"]
[PlyCount "74"]
[EventDate "2022.10.16"]
[EventType "team-tourn"]
[EventRounds "11"]
[EventCountry "HUN"]
[SourceTitle "EXT 2025"]
[Source "ChessBase"]
[SourceDate "2024.10.14"]
[SourceVersion "1"]
[SourceVersionDate "2024.10.14"]
[SourceQuality "1"]
[WhiteTeam "Naszaly Geniusz Tata"]
[BlackTeam "Tatabanya"]
[WhiteTeamCountry "HUN"]
[BlackTeamCountry "HUN"]

1. e4 e5 2. Bc4 Nf6 3. Nc3 Nc6 4. Nf3 Bc5 5. d3 d6 6. Bg5 h6 7. Be3 Nd4 8. h3 c6 9. Qd2 b5 10. Bb3 a5 11. a3 Nxb3 12. cxb3 Bxe3 13. Qxe3 Be6 14. d4 b4 15. Ne2 Nd7 16. 0-0 0-0 17. Ng3 Qb6 18. Rad1 f6 19. d5 cxd5 20. exd5 Bf7 21. Nf5 Nc5 22. N3h4 Ra7 23. Qg3 Bh5 24. Nxh6+ Kh7 25. N6f5 g6 26. Ne3 Ne4 27. Qh2 Bxd1 28. Rxd1 f5 29. g4 f4 30. Nc4 Qc5 31. Qg2 Ng5 32. Nf3 Nxf3+ 33. Qxf3 bxa3 34. bxa3 a4 35. Qe4 f3 36. b4 Qc7 37. Rd3 Rf4 0-1

[Event "HUN-chT2 Breyer 2122"]
[Site "Hungary"]
[Date "2022.01.30"]
[Round "5.11"]
[White "Oros, Rajmund"]
[Black "Kossela, Peter"]
[Result "0-1"]
[WhiteElo "1212"]
[BlackElo "1722"]
[PlyCount "88"]
[EventDate "2021.10.10"]
[EventType "team-tourn"]
[EventRounds "9"]
[EventCountry "HUN"]
[SourceTitle "EXT 2025"]
[Source "ChessBase"]
[SourceDate "2024.10.14"]
[SourceVersion "1"]
[SourceVersionDate "2024.10.14"]
[SourceQuality "1"]
[WhiteTeam "Fehervar"]
[BlackTeam "Naszaly Geniusz Tata"]
[WhiteTeamCountry "HUN"]
[BlackTeamCountry "HUN"]

1. e4 e5 2. Bc4 Nf6 3. Nc3 Nxe4 4. Qe2 Nxc3 5. Qxe5+ Qe7 6. Qxe7+ Bxe7 7. dxc3 0-0 8. Nf3 c6 9. 0-0 d5 10. Bd3 c5 11. Re1 Nc6 12. Bg5 Bxg5 13. Nxg5 h6 14. Nf3 c4 15. Be2 Bf5 16. Rad1 Rad8 17. Rd2 Rfe8 18. b3 b5 19. Nd4 Nxd4 20. Rxd4 Bxc2 21. bxc4 dxc4 22. Rxd8 Rxd8 23. h3 Bd3 24. Bf3 a5 25. a3 b4 26. cxb4 axb4 27. axb4 Rb8 28. g4 Rxb4 29. Re8+ Kh7 30. Be4+ Bxe4 31. Rxe4 Rb1+ 32. Kg2 c3 33. Rc4 Rb3 34. h4 g5 35. h5 Kg7 36. Kf3 c2+ 37. Ke4 Rb2 38. Kd3 c1Q 39. Rxc1 Rxf2 40. Ke3 Rf4 41. Rg1 Kf6 42. Ke2 Ke5 43. Rf1 Rxf1 44. Kxf1 Kf4 0-1

[Event "HUN-chT2 Breyer 2122"]
[Site "Hungary"]
[Date "2021.10.31"]
[Round "2.11"]
[White "Kossela, Peter"]
[Black "Toth, Levente"]
[Result "1-0"]
[WhiteElo "1584"]
[BlackElo "1383"]
[PlyCount "139"]
[EventDate "2021.10.10"]
[EventType "team-tourn"]
[EventRounds "9"]
[EventCountry "HUN"]
[SourceTitle "EXT 2025"]
[Source "ChessBase"]
[SourceDate "2024.10.14"]
[SourceVersion "1"]
[SourceVersionDate "2024.10.14"]
[SourceQuality "1"]
[WhiteTeam "Naszaly Geniusz Tata"]
[BlackTeam "Varosgazda Akademia"]
[WhiteTeamCountry "HUN"]
[BlackTeamCountry "HUN"]

1. e4 c6 2. d4 d5 3. Nc3 dxe4 4. Nxe4 Nf6 5. Nxf6+ exf6 6. Nf3 Bd6 7. Bd3 0-0 8. 0-0 Bg4 9. c3 Qc7 10. h3 Bh5 11. Re1 Nd7 12. Re3 c5 13. Qc2 cxd4 14. Nxd4 Bg6 15. Bxg6 hxg6 16. Nb5 Qc6 17. Nxd6 Qxd6 18. Rd3 Qc6 19. Bf4 Nb6 20. Rad1 Rfe8 21. b3 g5 22. Be3 Qe4 23. Qd2 Re6 24. Rd4 Qc6 25. c4 Rae8 26. Qc2 Re5 27. Rd6 Qc7 28. c5 f5 29. Qc3 f6 30. Qd3 Rxe3 31. cxb6 Re1+ 32. Rxe1 Rxe1+ 33. Kh2 axb6 34. Qd5+ Kh8 35. g3 Qc5 36. Rd8+ Kh7 37. Qf3 Kg6 38. Rh8 g4 39. hxg4 fxg4 40. Qxg4+ Qg5 41. Qxg5+ Kxg5 42. Kg2 g6 43. Rh7 Re2 44. Rxb7 Rxa2 45. Rxb6 Rb2 46. b4 Kf5 47. b5 g5 48. Rb8 g4 49. b6 Ke6 50. b7 Kf5 51. Kf1 Rb1+ 52. Ke2 Rb2+ 53. Ke3 Rb3+ 54. Kd4 Rb2 55. Kc4 Rb6 56. Kc5 Rb2 57. Kc6 Rc2+ 58. Kd7 Rd2+ 59. Ke7 Re2+ 60. Kf7 Rb2 61. Kg7 Rb6 62. Kh6 Rb1 63. Rc8 Rxb7 64. Rc5+ Ke6 65. Kg6 f5 66. Rxf5 Rg7+ 67. Kxg7 Kxf5 68. Kh6 Kf6 69. Kh5 Kf5 70. Kh4 1-0